书目信息 |
| 题名: |
基因克隆技术在制药中的应用
|
|
| 作者: | 杨汝德 主编 | |
| 分册: | ||
| 出版信息: | 北京 化学工业出版社 2004 |
|
| 页数: | 271页 | |
| 开本: | 26cm | |
| 丛书名: | 实用生物技术丛书 | |
| 单 册: | ||
| 中图分类: | TQ46 | |
| 科图分类: | ||
| 主题词: | 无性系--遗传工程--应用--生物制品--药物 , 无性系 , 遗传工程 , 生物制品 , 药物 | |
| 电子资源: | ||
| ISBN: | 7-5025-4987-0 | |
| 000 | 01038oam2 2200301 450 | |
| 001 | 012007136379 | |
| 005 | 20070522170829.07 | |
| 010 | @a7-5025-4987-0@dCNY45.00 | |
| 100 | @a20040227d2004 km y0chiy0120 ea | |
| 101 | 0 | @achi |
| 102 | @aCN@b110000 | |
| 105 | @ay z 000yy | |
| 106 | @ar | |
| 200 | 1 | @a基因克隆技术在制药中的应用@Aji yin ke long ji shu zai zhi yao zhong de ying yong@f杨汝德主编@Fyang ru de zhu bian |
| 210 | @a北京@c化学工业出版社@d2004 | |
| 215 | @a271页@d26cm | |
| 225 | 2 | @a实用生物技术丛书 |
| 330 | @a本书分为技术篇和应用篇两大部分。技术篇加重了基因克隆技术基本原理的论述;应用篇介绍了基因克隆技术在制药中的应用,并列举各种生物药物基因的克隆与表达实例,以及各种基因工程药物的发酵生产实例。 | |
| 461 | 0 | @12001 @a实用生物技术丛书 |
| 606 | 0 | @a无性系@x遗传工程@x应用@x生物制品@x药物 |
| 606 | 0 | @a无性系 |
| 606 | 0 | @a遗传工程 |
| 606 | 0 | @a生物制品 |
| 606 | 0 | @a药物 |
| 690 | @aTQ46@v4 | |
| 701 | 0 | @a杨汝德@Ayang ru de@c(生物工程)@4主编 |
| 801 | 0 | @aCN@bRULIN@c20070522 |
| 905 | @dTQ46@e23@s8 | |
| 基因克隆技术在制药中的应用/杨汝德主编.-北京:化学工业出版社,2004 |
| 271页;26cm.-(实用生物技术丛书) |
| ISBN 7-5025-4987-0:CNY45.00 |
| 本书分为技术篇和应用篇两大部分。技术篇加重了基因克隆技术基本原理的论述;应用篇介绍了基因克隆技术在制药中的应用,并列举各种生物药物基因的克隆与表达实例,以及各种基因工程药物的发酵生产实例。 |
| ● |
| 相关链接 |
|
|
|
|
正题名:基因克隆技术在制药中的应用
索取号:TQ46/23
 
预约/预借
| 序号 | 登录号 | 条形码 | 馆藏地/架位号 | 状态 | 备注 |
| 1 | 0573781 | 205737817 | 第二样本阅览室/ [索取号:TQ46/23] | 在馆 | |
| 2 | 0573782 | 205737826 | 第三借阅区/ [索取号:TQ46/23] | 在馆 | |
| 3 | 0573783 | 205737835 | 第三借阅区/ [索取号:TQ46/23] | 在馆 | |
| 4 | 0573784 | 205737844 | 第三借阅区/ [索取号:TQ46/23] | 在馆 | |
| 5 | 0573785 | 205737853 | 密集书库/ [索取号:TQ46/23] | 在馆 | |
| 6 | 0573786 | 205737862 | 密集书库/ [索取号:TQ46/23] | 在馆 | |
| 7 | 0573787 | 205737871 | 密集书库/ [索取号:TQ46/23] | 在馆 | |
| 8 | 0573788 | 205737880 | 密集书库/ [索取号:TQ46/23] | 在馆 |